000 00742nas a2200241 4500
001 BR9504237
003 BR-BrBNA
005 20231205094114.0
007 ta
008 230509b bl.|||p| |||| 00| 00por d
040 _aBR-BrBNA
_bpor
_cBiblioteca Nacional de Agricultura
041 _a(Pt)
072 _aP33
100 1 _aLopes, L.R.
100 1 _aBraga, J.M.
100 1 _aBraga Filho, J.M.B.
245 1 _aDinamica das formas inorganicas de fosforo em latossolos
650 _aLatossolo
650 _aFosforo Inorganico
773 0 _tRevista da Universidade do Amazonas. Serie: Ciencias (Brazil)
_xISSN 0103-7463
_g(Jul-Dec 1993), v. 2(2) p. 41-52
_wBR9504237
909 _a202311
_bLúcia
_c55
_dLúcia Elande
942 _2AGRIS
_n0
_cANA
999 _c142108
_d142108